To the ends of the earth : (Record no. 14377)

000 -LEADER
fixed length control field 01188nam a22001815i 4500
003 - CONTROL NUMBER IDENTIFIER
control field OSt
005 - DATE AND TIME OF LATEST TRANSACTION
control field 20260214155020.0
008 - FIXED-LENGTH DATA ELEMENTS--GENERAL INFORMATION
fixed length control field 230420s2024 mau 000 0 eng
020 ## - INTERNATIONAL STANDARD BOOK NUMBER
International Standard Book Number 9783035627930
Qualifying information (hardcover)
042 ## - AUTHENTICATION CODE
Authentication code pcc
100 1# - MAIN ENTRY--PERSONAL NAME
Personal name Weller, Richard,
Relator term author.
245 10 - TITLE STATEMENT
Title To the ends of the earth :
Remainder of title a grand tour for the 21st century /
Statement of responsibility, etc Richard Weller.
250 ## - EDITION STATEMENT
Edition statement 1.
263 ## - PROJECTED PUBLICATION DATE
Projected publication date 2402
300 ## - PHYSICAL DESCRIPTION
Extent pages cm
520 ## - SUMMARY, ETC.
Summary, etc "To the Ends of the Earth: A Grand Tour for the 21st Century is a richly illustrated guidebook offering an intellectual adventure like no other. A Baedeker for the 21st century, it takes the reader on a journey through a carefully curated selection of 120 places that speak to the human condition and symbolize the current state of our world. The 120 places are organized into six chapters: Paradises, Utopias, Machines, Monsters, Ruins, and Instruments. These are prefaced by a short introductory essay and a series of so-called "hyperobjects"; that is, drawings and narratives of big, overarching concepts such as "the universe," "the economy," and "the environment," which serve to provide context for the tour's destinations"--
942 ## - ADDED ENTRY ELEMENTS (KOHA)
Source of classification or shelving scheme
Holdings
Withdrawn status Lost status Source of classification or shelving scheme Damaged status Koha normalized classification for sorting Not for loan Permanent location Current location Shelving location Date acquired Full call number Barcode Date last seen Price effective from Koha item type
        724_700000000000000   BMS College of Architecture, Design and Planning BMS College of Architecture, Design and Planning General Stacks 2025-12-19 724.7 AR-UG5291 2026-02-10 2026-02-10 UG Books
Copyright © 2025, The Librarian, Library and Information Centre, BMSCA D&P, Bengaluru. All Rights Reserved
web counter

Powered by Koha